000 00931nam a2200277Ia 4500
003 GCL
008 140319s9999 xx 000 0 ara d
040 _aGCL /
_cGCL
082 0 4 _a323.11
_bج ا
100 1 _aسامية الشامى
245 1 0 _aاقليات فى خطر 320 اقلية فى دراسة احصائية وسياسية واجتماعية /
_cسامية الشامى
700 1 _aرفعت سيد احمد
700 1 _aجار، تيد روبرت
700 1 _aمجدى عبدالحكيم
260 _a[S.N] :
_bمكتبة مدبولى ،
_c1995
300 _a510 ص
490 _a
650 0 4 _aالاحوال الاجتماعية
650 0 4 _aالاحوال السياسية
650 0 4 _aالاقليات
650 0 4 _aالصراع الاجتماعى
650 0 4 _aالحرب الاهلية
650 0 4 _aالاقليات العرقية
650 0 4 _aالاحصائيات
942 _2ddc
_cBK
999 _c35439
_d35439